000 00932nam a2200229 a 4500
003 0
005 20250206125334.0
008 130829s19uu xx 00 eng d
050 _aPGS P 96.4.S65
_b.M278 2013
100 _aManio, Eunice Gabrielle F.
245 _aSocial networking engagement and the communication skills of S.I.S.C students /
_cEunice Gabrielle F. Manio.
260 _aLas PiƱas City, Philippines :
_bSouthville International School and Colleges,
_c2013.
300 _a78 pages :
_billustrations ;
_c28 cm.
504 _aIncludes bibliographical references.
650 _aSocial networks
_vPsychological aspects.
650 _aSocial media
_v Psychological aspects.
650 _aOnline social networks
_vEducational aspects.
650 _aCommunication
_vStudy and teaching (Elementary).
650 _aCommunication
_vSocial aspects.
650 _aInterpersonal communication in children.
942 _2lcc
_cPASS
999 _c99033
_d99033